THE MENACING RISE OF JAPAN. (Record no. 1277923)

MARC details
000 -LEADER
fixed length control field 00518nam a2200181Ia 4500
008 - FIXED-LENGTH DATA ELEMENTS--GENERAL INFORMATION
fixed length control field 151202s9999||||xx |||||||||||||| ||und||
082 ## - DEWEY DECIMAL CLASSIFICATION NUMBER
Item number PNVM-11936
100 ## - MAIN ENTRY--PERSONAL NAME
Personal name HOWARD ALEXANDER & NEWMAN ERNEST.
245 ## - TITLE STATEMENT
Title THE MENACING RISE OF JAPAN.
260 ## - PUBLICATION, DISTRIBUTION, ETC. (IMPRINT)
Name of publisher, distributor, etc GEORGE & HARRAP CO.
260 ## - PUBLICATION, DISTRIBUTION, ETC. (IMPRINT)
Date of publication, distribution, etc 0
300 ## - PHYSICAL DESCRIPTION
Extent 0
600 ## - SUBJECT ADDED ENTRY--PERSONAL NAME
Personal name HOWARD ALEXANDER & NEWMAN ERNEST.
630 ## - SUBJECT ADDED ENTRY--UNIFORM TITLE
Uniform title THE MENACING RISE OF JAPAN.
700 ## - ADDED ENTRY--PERSONAL NAME
Personal name HOWARD ALEXANDER & NEWMAN ERNEST.
730 ## - ADDED ENTRY--UNIFORM TITLE
Uniform title THE MENACING RISE OF JAPAN.
942 ## - ADDED ENTRY ELEMENTS (KOHA)
Koha item type Book
Holdings
Withdrawn status Lost status Damaged status Not for loan Home library Current library Date acquired Cost, normal purchase price Total Checkouts Full call number Barcode Date last seen Cost, replacement price Price effective from Koha item type
        Pune Nagar Vachan Mandir, Pune Pune Nagar Vachan Mandir, Pune 07/09/2015 0.00   PNVM-11936 PNVM-11936 12/02/2015 0.00 12/02/2015 Book